000 01075cam a22003377a 4500
003 CHAP
005 20220817041613.0
008 971013s r 00010 d
010 _a19377
011 _a20349
035 _a24437
040 _cCHAP
090 _aD-12
110 2 _aThe American Phytophatological Society. St. Paul, Minn.
_9112621
245 1 0 _aSeptoria disease (celery and oats) (Diapositiva)
260 _aIthaca :
_bCornell University,
_c(s.a.)
300 _a9 diapositivas : col. 2 x 2 plg.
490 0 _aPlant disease profiles ser. 1
_v; 2
500 _aNota explicativa 5 p.
500 _aTambien en CD 4 3/4 plgs.
590 _aBATCH-UPD
_b10
_c20130110
_lUCH01
_h2107
590 _aCONVERSION
_b10
_c20130109
_lUCH01
_h1312
650 1 4 _aApio
_xEnfermedades.
_96289
650 1 4 _aAvena
_xEnfermedades.
_98517
650 1 4 _aSeptoria.
_9104501
830 0 _aPlant disease profiles ser. 1
_v; 2
901 _aBK
942 _cCD
949 _aD-12
_bBC
_cD
_d-56284
_eD
_h58760
_i24437
_si
949 _aD-12
_bBC
_cD
_d33724002004561
_eCD
_h206
_i24437
_sb
999 _c19377
_d19377